000 00524nam a2200217Ia 4500
003 OSt
005 20220923230811.0
006 a|||||r|||| 00| 0
007 ta
008 Pun
024 _a305,615
037 _cTextual
040 _aARTS
_cARTS
_bPun
041 _2Pun
_aPun
082 _aQ8441:2x, 153K1
100 _aਤੇਜਾ ਸਿੰਘ
245 0 _aਅਮਰ ਕੀਰਤਨ
260 _c1961
942 _hQ8441:2x, 153K1
_cTEXL
_2CC
999 _c387407
_d387407